Urban landscapes (Record no. 10604)

000 -LEADER
fixed length control field 00330nam a2200145Ia 4500
003 - CONTROL NUMBER IDENTIFIER
control field OSt
005 - DATE AND TIME OF LATEST TRANSACTION
control field 20220407193223.0
008 - FIXED-LENGTH DATA ELEMENTS--GENERAL INFORMATION
fixed length control field 220318s9999 xx 000 0 und d
020 ## - INTERNATIONAL STANDARD BOOK NUMBER
International Standard Book Number 9788499369051
082 ## - DEWEY DECIMAL CLASSIFICATION NUMBER
Classification number 338.761712094836
100 ## - MAIN ENTRY--PERSONAL NAME
Personal name Sælen, Arne,
Dates associated with a name 1951-
245 #0 - TITLE STATEMENT
Title Urban landscapes
260 ## - PUBLICATION, DISTRIBUTION, ETC. (IMPRINT)
Place of publication, distribution, etc Loft
942 ## - ADDED ENTRY ELEMENTS (KOHA)
Source of classification or shelving scheme
Holdings
Withdrawn status Lost status Source of classification or shelving scheme Damaged status Koha normalized classification for sorting Not for loan Permanent location Current location Date acquired Source of acquisition Cost, normal purchase price Total Checkouts Full call number Barcode Date last seen Date last borrowed Cost, replacement price Price effective from Koha item type
        338_761712094836000   BMS College of Architecture, Design and Planning BMS College of Architecture, Design and Planning 2022-04-08 6 2313.78 1 338.761712094836 AR-PG542 2022-06-13 2022-05-12 3305.40 2022-04-08 PG Books
Copyright © 2025, The Librarian, Library and Information Centre, BMSCA D&P, Bengaluru. All Rights Reserved
web counter

Powered by Koha